Influencia del agua dulce en los animales marinos / (Record no. 154372)

MARC details
000 -LEADER
campo de control de longitud fija 00640nam a22001695i 4500
001 - NÚMERO DE CONTROL
campo de control 154372
003 - IDENTIFICADOR DE NÚMERO DE CONTROL
campo de control ES-MaACL
005 - FECHA Y HORA DE LA ÚLTIMA TRANSACCIÓN
campo de control 20230906205710.0
008 - DATOS DE LONGITUD FIJA--INFORMACIÓN GENERAL
campo de control de longitud fija 040706s1891 sp af |||| | spa d
040 ## - FUENTE DE CATALOGACIÓN
Centro catalogador/agencia de origen CAM
Lengua de catalogación spa
Centro/agencia transcriptor CAM
100 1# - ENTRADA PRINCIPAL--NOMBRE DE PERSONA
Nombre de persona Gogorza y González, José.
9 (RLIN) 127355
245 10 - MENCIÓN DEL TÍTULO
Título Influencia del agua dulce en los animales marinos /
Mención de responsabilidad, etc. por José Gogorza.
260 ## - PUBLICACIÓN, DISTRIBUCIÓN, ETC.
Lugar de publicación, distribución, etc. Madrid :
Nombre del editor, distribuidor, etc. [s.n.],
Fecha de publicación, distribución, etc. 1891 (
Fabricante Establecimiento tipográfico de Fortanet)
300 ## - DESCRIPCIÓN FÍSICA
Extensión 51 p., [1] h. lám. ;
Dimensiones 21 cm.
650 ## - PUNTO DE ACCESO ADICIONAL DE MATERIA--TÉRMINO DE MATERIA
Término de materia o nombre geográfico como elemento de entrada Biología marina.
9 (RLIN) 135692
852 ## - LOCALIZACIÓN
Ubicación ES-MaACL
Número de control de estantería T-532-F-5
Nota libre -- Enc. hol., conservando enc. original
-- -- Enc. varias obras en un vol.
Holdings
Estatus retirado Estado de pérdida Estado de daño No para préstamo Colección Biblioteca de origen Biblioteca actual Ubicación en estantería Fecha de adquisición Total de préstamos Signatura topográfica completa Código de barras Visto por última vez Precio de reemplazo Tipo de ítem Koha
        Colección de folletos Biblioteca del Ateneo de Madrid Biblioteca del Ateneo de Madrid Depósito folletos 17/01/2008   T-532-F-5 1161432 23/02/2023 23/02/2023 Folleto